Movies Quiz

Random Movies or Box Office Quiz

2000s Top Gross Movie Annually Quiz Stats

 Plays Quiz not verified by Sporcle

Challenge
Share
Tweet
Embed
Score 0/100 Timer 10:00
0 Plays Today
Movie % Correct
The Dark Knight
92.4%
Batman Begins
84.7%
The Lord of the Rings: The Fellowship of the Ring
84%
The Lord of the Rings: The Two Towers
84%
The Lord of the Rings: Return of the King
84%
Avatar
84%
Shrek
82.6%
Spider-Man
82.6%
Shrek 2
82.6%
Spider-Man 2
82.6%
Spider-man 3
82.6%
Shrek 3
82.6%
Harry Potter and the Sorcerer's Stone
79.9%
Harry Potter and the Chamber of Secrets
79.9%
Harry Potter and the Prisoner of Azkaban
79.9%
Harry Potter and the Goblet of Fire
79.9%
Harry Potter and the Order of the Phoenix
79.9%
Harry Potter and the Half-Blood Prince
79.9%
Up
75.7%
Transformers
74.3%
Transformers Revenge of the Fallen
74.3%
Finding Nemo
73.6%
Pirates of the Caribbean: The Curse of the Black Pearl
72.2%
Pirates of the Caribbean: Dead Man Chest
72.2%
Pirates of the Caribbean: At World's End
72.2%
Wall-E
68.8%
Star Wars Episode II: Attack of the Clones
68.1%
Star Wars: Episode III Revenge of the Sith
68.1%
X-Men
67.4%
X-Men United
67.4%
Cars
67.4%
X-Men: The Last Stand
67.4%
Iron Man
66.7%
The Incredibles
61.8%
Movie % Correct
Monsters, Inc.
61.1%
The Hangover
54.2%
Mission: Impossible II
52.8%
Gladiator
47.2%
Ice Age
46.5%
Ice Age 2
46.5%
Indiana Jones and the Kingdom of the Crystal Skull
45.1%
Twilight
44.4%
Twilight: New Moon
44.4%
Kung Fu Panda
41.7%
The Bourne Supremacy
41%
The Bourne Ultimatum
41%
I am Legend
38.9%
Madagascar
38.2%
Superman Returns
38.2%
Madagascar 2
38.2%
Hancock
36.1%
The Passion of the Christ
34%
Star Trek
34%
Meet the Fockers
33.3%
Meet the Parents
32.6%
Men in Black 2
31.9%
War of the Worlds
31.9%
The Matrix Reloaded
31.3%
The Chronicles of Narnia: The Lion, the Witch, and the Wardrobe
30.6%
Casino Royale
30.6%
Wedding Crashers
29.9%
The Blind Side
29.2%
How the Grinch stole Christmas
27.8%
Ocean's 11
27.8%
Chicago
27.8%
Night at the Museum
27.8%
Quantum of Solace
27.8%
Terminator 3
26.4%
Movie % Correct
The Matrix Revolutions
26.4%
King Kong
26.4%
Austin Powers in Goldmember
25.7%
Cast Away
25%
The Da Vinci Code
25%
Charlie and the Chocolate Factory
24.3%
Happy Feet
24.3%
Bruce Almighty
22.2%
The Day After Tomorrow
22.2%
Sherlock Holmes
20.8%
Rush Hour 2
20.1%
My Big Fat Greek Wedding
20.1%
Mr. and Mrs. Smith
20.1%
National Treasure
18.8%
National Treasure Book of Secrets
18.8%
Alvin & the Chipmunks
18.1%
300
18.1%
Alvin and the Chipmunks 2
18.1%
Jurassic Park III
17.4%
The Polar Express
16%
Scary Movie
15.3%
The Mummy Returns
15.3%
Pearl Harbor
15.3%
Planet of the Apes
13.9%
Signs
13.2%
Elf
13.2%
What Women Want
12.5%
What Lies Beneath
9.7%
Pursuit of Happyness
9%
Horton Hears a Who
8.3%
The Perfect Storm
7.6%
Cheaper by the Dozen
4.9%

You're not logged in!

Compare scores with friends on all Sporcle quizzes.
Join for Free
OR
Log In

You Might Also Like...

Show Comments

Extras

Top Quizzes Today


Score Distribution

Your Account Isn't Verified!

In order to create a playlist on Sporcle, you need to verify the email address you used during registration. Go to your Sporcle Settings to finish the process.

Report this User

Report this user for behavior that violates our Community Guidelines.

Details: